<?xml version="1.0" encoding="UTF-8"?><?xml-stylesheet type="text/xsl" href="static/style.xsl"?><OAI-PMH xmlns="http://www.openarchives.org/OAI/2.0/" xmlns:xsi="http://www.w3.org/2001/XMLSchema-instance" xsi:schemaLocation="http://www.openarchives.org/OAI/2.0/ http://www.openarchives.org/OAI/2.0/OAI-PMH.xsd"><responseDate>2026-06-07T07:13:22Z</responseDate><request verb="GetRecord" identifier="oai:riuma.uma.es:10630/39721" metadataPrefix="marc">https://riuma.uma.es/rest/oai/request</request><GetRecord><record><header><identifier>oai:riuma.uma.es:10630/39721</identifier><datestamp>2026-02-03T11:57:43Z</datestamp><setSpec>com_10630_2254</setSpec><setSpec>col_10630_37959</setSpec></header><metadata><record xmlns="http://www.loc.gov/MARC21/slim" xmlns:dcterms="http://purl.org/dc/terms/" xmlns:doc="http://www.lyncode.com/xoai" xmlns:xsi="http://www.w3.org/2001/XMLSchema-instance" xsi:schemaLocation="http://www.loc.gov/MARC21/slim http://www.loc.gov/standards/marcxml/schema/MARC21slim.xsd">
   <leader>00925njm 22002777a 4500</leader>
   <datafield ind2=" " ind1=" " tag="042">
      <subfield code="a">dc</subfield>
   </datafield>
   <datafield ind2=" " ind1=" " tag="720">
      <subfield code="a">Cubero Torres, Nicolás</subfield>
      <subfield code="e">author</subfield>
   </datafield>
   <datafield ind2=" " ind1=" " tag="720">
      <subfield code="a">Castro Payán, Francisco Manuel</subfield>
      <subfield code="e">author</subfield>
   </datafield>
   <datafield ind2=" " ind1=" " tag="720">
      <subfield code="a">Guil-Mata, Nicolás</subfield>
      <subfield code="e">author</subfield>
   </datafield>
   <datafield ind2=" " ind1=" " tag="720">
      <subfield code="a">Marín Jiménez, Manuel Jesús</subfield>
      <subfield code="e">author</subfield>
   </datafield>
   <datafield ind2=" " ind1=" " tag="260">
      <subfield code="c">2025-07-30</subfield>
   </datafield>
   <datafield ind2=" " ind1=" " tag="520">
      <subfield code="a">The problem of gait recognition has primarily focused on using silhouette or visual modalities to describe the gait cycle. While these methods offer rich representations, they are heavily influenced by visual covariates like body contours or carrying objects. Pose-based methods provide greater robustness against these covariates, but current approaches have yet to effectively extract rich features from pose sequences, leading to suboptimal performance. In this work, we introduce MuSTGaitPose, a model architecture that implements multi-scale temporal analysis of pose sequences to extract richer gait features. Our model features the Multi-scale Temporal Block (MuST Block), which scans pose sequences at multiple time scales to identify key temporal patterns at each scale. We also developed Multi-scale Temporal Attention Fusion (MuSTAF) to optimally aggregate the multi-scale features based on their relative importance at each spatial and temporal location. Thus, our approach produces a combined feature that emphasizes the most relevant gait patterns across all gridded time scales. Additionally, we leverage pose heatmaps for a richer descriptor. Extensive experiments show that our approach outperforms previous pose-based methods, achieving mean Rank-1 accuracies of 90.9% on the CASIA-B and 86.2% on the SUSTech1K datasets, as well as a true acceptance rate of 95.8% at a false acceptance rate of 1% on the FVG-B dataset.</subfield>
   </datafield>
   <datafield ind1="8" ind2=" " tag="024">
      <subfield code="a">978-3-031-99564-4</subfield>
   </datafield>
   <datafield ind1="8" ind2=" " tag="024">
      <subfield code="a">https://hdl.handle.net/10630/39721</subfield>
   </datafield>
   <datafield ind1="8" ind2=" " tag="024">
      <subfield code="a">10.1007/978-3-031-99565-1_17</subfield>
   </datafield>
   <datafield tag="653" ind2=" " ind1=" ">
      <subfield code="a">Biometría</subfield>
   </datafield>
   <datafield tag="653" ind2=" " ind1=" ">
      <subfield code="a">Mecánica humana</subfield>
   </datafield>
   <datafield tag="653" ind2=" " ind1=" ">
      <subfield code="a">Aprendizaje automático (Inteligencia artificial)</subfield>
   </datafield>
   <datafield ind2="0" ind1="0" tag="245">
      <subfield code="a">Multi-scale Temporal Pose analysis for Gait Recognition</subfield>
   </datafield>
</record>
</metadata></record></GetRecord></OAI-PMH>